[Event "TUR-chT 2nd League"]
[Site "Denizli"]
[Date "2023.07.14"]
[Round "8.121"]
[White "Uzgur, Arda"]
[Black "Darban Vaighani, Morteza"]
[Result "0-1"]
[WhiteElo "1721"]
[BlackElo "2342"]
[PlyCount "90"]
[EventDate "2023.07.09"]
[EventType "team-swiss"]
[EventRounds "9"]
[EventCountry "TUR"]
[SourceTitle "CBM 215 Extra"]
[Source "ChessBase"]
[SourceDate "2023.09.30"]
[SourceVersion "1"]
[SourceVersionDate "2023.09.30"]
[SourceQuality "1"]
[WhiteTeam "Karaman Tabduk Emre"]
[BlackTeam "Mersin Altin Piyon"]
[WhiteTeamCountry "TUR"]
[BlackTeamCountry "TUR"]

1. e4 Nf6 2. e5 Nd5 3. d4 d6 4. Nf3 g6 5. exd6 cxd6 6. c4 Nf6 7. Nc3 Bg7 8. h3 0-0 9. Be3 d5 10. c5 Nc6 11. Bd3 Re8 12. 0-0 Bf5 13. Bxf5 gxf5 14. a3 e6 15. Nb5 Ne4 16. Nd2 Re7 17. Nxe4 fxe4 18. f3 exf3 19. Rxf3 Rd7 20. Nd6 f5 21. b4 Qf6 22. Ra2 Nxd4 23. Rg3 Nc6 24. b5 Ne7 25. Bg5 Qd4+ 26. Qxd4 Bxd4+ 27. Be3+ Bg7 28. Re2 Ng6 29. Bf2 Nf4 30. Re1 b6 31. Rf3 bxc5 32. Rxf4 e5 33. Rxf5 Rxd6 34. Bxc5 Rd7 35. Kf2 Rc8 36. Bb4 Rf7 37. Rxf7 Kxf7 38. a4 Rc2+ 39. Re2 Rc4 40. Rb2 e4 41. Rb1 d4 42. a5 d3 43. Ke3 Bh6+ 44. Kf2 e3+ 45. Kg3 Rxb4 0-1

[Event "TUR-chT 2nd League"]
[Site "Denizli"]
[Date "2023.07.13"]
[Round "7.91"]
[White "Babayev, Talib"]
[Black "Uzgur, Arda"]
[Result "1-0"]
[WhiteElo "2204"]
[BlackElo "1721"]
[PlyCount "96"]
[EventDate "2023.07.09"]
[EventType "team-swiss"]
[EventRounds "9"]
[EventCountry "TUR"]
[SourceTitle "CBM 215 Extra"]
[Source "ChessBase"]
[SourceDate "2023.09.30"]
[SourceVersion "1"]
[SourceVersionDate "2023.09.30"]
[SourceQuality "1"]
[WhiteTeam "Afyonkarahisar Basari"]
[BlackTeam "Karaman Tabduk Emre"]
[WhiteTeamCountry "TUR"]
[BlackTeamCountry "TUR"]

1. e4 e5 2. Nc3 Nc6 3. Bc4 Bc5 4. d3 d6 5. Na4 Bb6 6. Nxb6 axb6 7. c3 Nf6 8. f4 Na5 9. Bb5+ Bd7 10. Bxd7+ Qxd7 11. Nf3 Nc6 12. 0-0 h6 13. Qe2 0-0 14. fxe5 dxe5 15. Nh4 Nh7 16. Rf3 Ne7 17. Be3 Rad8 18. Rg3 Kh8 19. Rf1 g5 20. Qh5 gxh4 21. Qxh4 Qe6 22. Bxh6 Rg8 23. Rh3 Rg4 24. Qh5 Rdg8 25. g3 R4g6 26. Bf4 R8g7 27. Bxe5 f6 28. Bxc7 Qxa2 29. Bxb6 Nc6 30. Bc5 Kg8 31. Qf5 Qa8 32. Qe6+ Kh8 33. b4 Ne5 34. Bd4 Ng4 35. Rh4 Qa3 36. Qc8+ Rg8 37. Qxb7 R6g7 38. Qb6 Rg6 39. Qc7 R6g7 40. Qd6 Rg6 41. Rxf6 Rxf6 42. Bxf6+ Ngxf6 43. Qxf6+ Rg7 44. Qf8+ Rg8 45. Qf6+ Rg7 46. Qd8+ Rg8 47. Qd4+ Rg7 48. Kg2 Qa2+ 1-0

[Event "TUR-chT 2nd League"]
[Site "Denizli"]
[Date "2023.07.12"]
[Round "6.111"]
[White "Uzgur, Arda"]
[Black "Marasli, Tutku Kahraman"]
[Result "1/2-1/2"]
[WhiteElo "1721"]
[BlackElo "2149"]
[PlyCount "125"]
[EventDate "2023.07.09"]
[EventType "team-swiss"]
[EventRounds "9"]
[EventCountry "TUR"]
[SourceTitle "CBM 215 Extra"]
[Source "ChessBase"]
[SourceDate "2023.09.30"]
[SourceVersion "1"]
[SourceVersionDate "2023.09.30"]
[SourceQuality "1"]
[WhiteTeam "Karaman Tabduk Emre"]
[BlackTeam "Pamukkale Yonetimi"]
[WhiteTeamCountry "TUR"]
[BlackTeamCountry "TUR"]

1. d4 Nf6 2. Nf3 g6 3. Bg5 Bg7 4. e3 0-0 5. Nbd2 d6 6. Be2 Nbd7 7. 0-0 c6 8. c3 Qc7 9. Qc2 Re8 10. Rad1 e5 11. dxe5 Nxe5 12. e4 Be6 13. Nd4 Bd7 14. h3 c5 15. N4f3 Bc6 16. Nxe5 dxe5 17. a4 a6 18. Be3 Bf8 19. g4 b5 20. g5 Nd7 21. axb5 axb5 22. Ra1 c4 23. b3 Bc5 24. Rxa8 Rxa8 25. bxc4 Bxe3 26. fxe3 Qb6 27. Rf3 b4 28. c5 Qxc5 29. Bc4 Rf8 30. cxb4 Qxb4 31. Bd5 Bb5 32. Qa2 Kg7 33. h4 f6 34. Be6 fxg5 35. Bxd7 Bxd7 36. Rxf8 Kxf8 37. hxg5 Qe7 38. Nf3 Bg4 39. Qg2 Bxf3 40. Qxf3+ Ke8 41. Qg4 Kd8 42. Kg2 Kc7 43. Kg3 Kb6 44. Kh3 Ka5 45. Qc8 Kb4 46. Kg4 Qd6 47. Kf3 Qd1+ 48. Kf2 Qd2+ 49. Kf3 Qd1+ 50. Kf2 Qd6 51. Kf3 Qe7 52. Kg4 Kb5 53. Kf3 Kb6 54. Qb8+ Kc6 55. Qc8+ Kd6 56. Qa6+ Kd7 57. Qb5+ Kc7 58. Qa5+ Kc8 59. Qa8+ Kd7 60. Qa4+ Kc7 61. Qa7+ Kd8 62. Qa8+ Kd7 63. Qa4+ 1/2-1/2

[Event "TUR-chT 2nd League"]
[Site "Denizli"]
[Date "2023.07.11"]
[Round "4.141"]
[White "Uzgur, Arda"]
[Black "Sabahi, Ali Can"]
[Result "1/2-1/2"]
[WhiteElo "1721"]
[BlackElo "1783"]
[PlyCount "20"]
[EventDate "2023.07.09"]
[EventType "team-swiss"]
[EventRounds "9"]
[EventCountry "TUR"]
[SourceTitle "CBM 215 Extra"]
[Source "ChessBase"]
[SourceDate "2023.09.30"]
[SourceVersion "1"]
[SourceVersionDate "2023.09.30"]
[SourceQuality "1"]
[WhiteTeam "Karaman Tabduk Emre"]
[BlackTeam "Karaman Yunus Emre"]
[WhiteTeamCountry "TUR"]
[BlackTeamCountry "TUR"]

1. e4 e5 2. Nf3 Nc6 3. Bb5 a6 4. Bxc6 dxc6 5. 0-0 Bg4 6. h3 h5 7. c3 Qd3 8. hxg4 hxg4 9. Nxe5 Bd6 10. Nxd3 Bg3 1/2-1/2

[Event "EU-ch U16 30th"]
[Site "Antalya"]
[Date "2022.11.11"]
[Round "6"]
[White "Uzgur, Arda"]
[Black "Soderstrom, Adrian"]
[Result "0-1"]
[WhiteElo "1624"]
[BlackElo "2229"]
[PlyCount "60"]
[EventDate "2022.11.06"]
[EventType "swiss"]
[EventRounds "9"]
[EventCountry "TUR"]
[SourceTitle "EXT 2024"]
[Source "ChessBase"]
[SourceDate "2023.10.10"]
[SourceVersion "1"]
[SourceVersionDate "2023.10.10"]
[SourceQuality "1"]

1. e4 e5 2. Nf3 Nc6 3. Bb5 a6 4. Ba4 Nf6 5. 0-0 Be7 6. Qe2 b5 7. Bb3 d6 8. c3 0-0 9. Rd1 Bg4 10. d4 Qc8 11. d5 Na5 12. Bc2 c6 13. dxc6 Qxc6 14. Nbd2 b4 15. h3 Bh5 16. Nb1 Rfc8 17. a3 bxa3 18. Rxa3 Nc4 19. Ra1 a5 20. Nbd2 Nxd2 21. Bxd2 Qb7 22. b3 Bg6 23. Re1 d5 24. c4 Bxe4 25. Bxe4 dxe4 26. Nxe5 Qb8 27. Ng4 Qxb3 28. Rab1 Qxc4 29. Nxf6+ Bxf6 30. Qxc4 Rxc4 0-1

[Event "EU-ch U16 30th"]
[Site "Antalya"]
[Date "2022.11.07"]
[Round "2"]
[White "Uzgur, Arda"]
[Black "Piliposyan, Robert"]
[Result "0-1"]
[WhiteElo "1624"]
[BlackElo "2281"]
[PlyCount "34"]
[EventDate "2022.11.06"]
[EventType "swiss"]
[EventRounds "9"]
[EventCountry "TUR"]
[SourceTitle "EXT 2024"]
[Source "ChessBase"]
[SourceDate "2023.10.10"]
[SourceVersion "1"]
[SourceVersionDate "2023.10.10"]
[SourceQuality "1"]

1. e4 c5 2. b3 g6 3. Bb2 Nf6 4. Nc3 d6 5. f4 Bh6 6. Bb5+ Nc6 7. Nge2 0-0 8. 0-0 Bg7 9. d3 Ng4 10. Qd2 f5 11. h3 Nf6 12. e5 Nd5 13. Na4 Re8 14. d4 Nb6 15. dxc5 Nxa4 16. bxa4 dxc5 17. Qxd8 Rxd8 0-1

[Event "TUR-ch U13-U18"]
[Site "Antalya"]
[Date "2020.01.23"]
[Round "8"]
[White "Kose, Arat Uygar"]
[Black "Uzgur, Arda"]
[Result "1/2-1/2"]
[WhiteElo "1479"]
[BlackElo "1516"]
[PlyCount "132"]
[EventDate "2020.01.19"]
[EventType "swiss"]
[EventRounds "11"]
[EventCountry "TUR"]
[SourceTitle "CBM 195 Extra"]
[Source "ChessBase"]
[SourceDate "2020.05.31"]
[SourceVersion "1"]
[SourceVersionDate "2020.05.31"]
[SourceQuality "1"]

1. e4 e5 2. Nf3 Nc6 3. Bc4 Nf6 4. d3 Bc5 5. c3 d6 6. Nbd2 a6 7. Bb3 Ba7 8. Nf1 Be6 9. Ng3 h6 10. 0-0 0-0 11. h3 Ne7 12. Be3 Ng6 13. Bc2 d5 14. Qe2 c5 15. Rad1 d4 16. Bd2 Rc8 17. Nf5 Bxf5 18. exf5 Nf4 19. Bxf4 exf4 20. Qd2 Qd5 21. Bb3 Qd6 22. Rfe1 Rfe8 23. Rc1 dxc3 24. bxc3 b5 25. c4 b4 26. Ba4 Rxe1+ 27. Rxe1 Bb8 28. Ne5 f3 29. Nxf3 Qf4 30. Qxf4 Bxf4 31. Re7 Rc7 32. Re2 Kf8 33. g3 Bd6 34. Kf1 Re7 35. Rb2 Be5 36. Nxe5 Rxe5 37. d4 cxd4 38. Rxb4 Rxf5 39. Bc2 Rc5 40. Bd3 a5 41. Rb5 Rxb5 42. cxb5 Ke7 43. a4 Nd5 44. Bc4 Nc3 45. Bb3 Kd6 46. Ke1 Kc5 47. Kd2 f5 48. f3 g5 49. Kd3 h5 50. h4 f4 51. gxf4 gxh4 52. f5 Nd5 53. Bxd5 Kxd5 54. b6 Kc6 55. f6 h3 56. f7 h2 57. f8Q h1Q 58. Qf6+ Kb7 59. Qe7+ Kxb6 60. Qd6+ Kb7 61. Qd5+ Kc8 62. Qc5+ Kb7 63. Qb5+ Kc8 64. Qc6+ Kd8 65. Qb6+ Ke8 66. Qb8+ Kd7 1/2-1/2

[Event "TUR-chT Clubs"]
[Site "Konya"]
[Date "2019.07.18"]
[Round "5.6"]
[White "Uysal, Ugur"]
[Black "Uzgur, Arda"]
[Result "0-1"]
[WhiteElo "1689"]
[BlackElo "1480"]
[PlyCount "102"]
[EventDate "2019.07.16"]
[EventType "team-swiss"]
[EventRounds "9"]
[EventCountry "TUR"]
[SourceTitle "CBM 191 Extra"]
[Source "ChessBase"]
[SourceDate "2019.09.30"]
[SourceVersion "1"]
[SourceVersionDate "2019.09.30"]
[SourceQuality "1"]
[WhiteTeam "Canakkale Doruk"]
[BlackTeam "Mugla Mentese Merkez"]
[WhiteTeamCountry "TUR"]
[BlackTeamCountry "TUR"]

1. Nf3 Nf6 2. d4 g6 3. c4 Bg7 4. g3 0-0 5. Bg2 d6 6. 0-0 Nbd7 7. Nc3 c6 8. e4 Qc7 9. Re1 e5 10. b3 Rd8 11. Bb2 Nf8 12. h3 Ne6 13. d5 Nf8 14. Ba3 Ne8 15. Qd2 c5 16. Bb2 f5 17. Qe2 Nf6 18. Nd2 g5 19. exf5 Bxf5 20. Nde4 h6 21. Nxf6+ Bxf6 22. Ne4 Bg7 23. Qf3 Qf7 24. Bc3 Bxe4 25. Qxe4 Nd7 26. Rac1 a6 27. Qe2 b5 28. Ba5 Rf8 29. a3 e4 30. Bxe4 Bd4 31. Rf1 Rae8 32. Qc2 Ne5 33. Kg2 bxc4 34. bxc4 Nxc4 35. Qxc4 Rxe4 36. f3 Re5 37. Rcd1 Rfe8 38. Rd2 Qe7 39. Qxa6 Re2+ 40. Rxe2 Qxe2+ 41. Qxe2 Rxe2+ 42. Kh1 Re5 43. f4 Rxd5 44. fxg5 Rxg5 45. Kg2 Re5 46. Bc7 Re2+ 47. Kf3 Re3+ 48. Kf4 Re7 49. Rd1 Rxc7 50. Ke4 Be5 51. Kd5 c4 0-1